000 00176 a2200085 4500
020 _a9781948765053
100 _aNASRINE SERAJI
245 _aFROM CRISIS TO CRISIS
260 _bACTAR
999 _c13071
_d13071